Jejaka Idaman

Bibliographic Details
Main Author: JULIA Unggai
Format: Book
Published: Kuala Lumpur : Berita Publishing , 1994
Subjects:

MARC

LEADER 00000cam a2200000 7i4500
001 0000002393
002 000002605
005 20000330.0
020 |a 9679693198 
090 0 0 |a F   |b JUL 
100 0 |a JULIA Unggai 
245 1 0 |a Jejaka Idaman   |c Julia Unggai 
260 |a Kuala Lumpur :   |b Berita Publishing ,   |c 1994 
300 |a 180p. ;   |c 17cm. 
650 0 0 |a Romance fiction 
999 |a 035885   |b BUKU   |c FICTION   |e PERPUSTAKAAN KOMUNITI PETALING JAYA 
999 |a 035886   |b BUKU   |c FICTION   |e PERPUSTAKAAN KOMUNITI PETALING JAYA